000 00822nam a2200253Ia 4500
003 OSt
005 20241018110834.0
008 210716s2018 xx 000 0 und d
020 _a9788126574742
040 _cAIMIT LIBRARY
041 _aeng
082 _a005.1332
_21
_bMUEJ
100 _aMueller, John Paul.
_9182638
245 _aC# 7.0:
_ball in one /
_cBy John Paul Mueller, Bill Sempf and Chuck Sphar.
250 _a1st ed.
260 _aNew Delhi :
_bWiley India Pvt Ltd ;
_c2018.
300 _axxii,830,13p. ;
_bPB
_c23 cm.
650 _aGetting into the program flow
_9182639
650 _aCreating lists of items with enumerations
_9182640
650 _aHolding class responsible
_9182641
700 _aSempf, Bill.
_9182642
700 _aSphar Chuck.
_9182643
942 _2ddc
_cBK
_e1st ed.
_k005.1332 MUEJ
999 _c197007
_d197007